000 01010nam a22003017a 4500
003 CHAP
005 20220329135339.0
008 971013s r 00010 d
010 _a34815
011 _a35787
035 _a39904
040 _cCHAP
090 _aFolleto 11970
110 _aMéxico. Leyes, decretos, etc.
_977071
245 _aConvenio de coordinación de las acciones para la ejecución del programa para el mejoramiento de la caficultura y prevención contra la roya del cafeto
260 _aMéxico, D.F. :
_b(SARH),
_c(198?)
300 _a8 p.
_b; apénd
590 _aBATCH-UPD
_b10
_c20130110
_lUCH01
_h1753
590 _aBATCH-UPD
_b10
_c20130410
_lUCH01
_h1131
590 _aBATCH-UPD
_b10
_c20130914
_lUCH01
_h0810
590 _aCONVERSION
_b10
_c20130109
_lUCH01
_h1319
650 1 4 _aAgricultura
_xConvenios.
_91379
650 1 4 _aCafé
_xPlagas.
_917181
650 1 4 _aHemileia.
_953501
901 _aBK
942 _cFOLL
949 _aFolleto 11970
_bBC
_cFOLL
_d-91002
_eTS1
_i39904
_mD
_si
999 _c34815
_d34815